[Event "Aberto do Brasil CONTAUD 2022"]
[Site "Cuiaba - MT - Brasil"]
[Date "2022.10.30"]
[Round "9.1"]
[White "Fier, Alexandr"]
[Black "Federzoni, Enzo"]
[Result "1-0"]
[WhiteElo "2592"]
[BlackElo "2139"]
[PlyCount "79"]
[EventDate "2022.10.25"]
[EventRounds "9"]
[EventCountry "BRA"]

1. Nf3 Nf6 2. c4 c5 3. b3 g6 4. Bb2 Bg7 5. g3 b6 6. Bg2 Bb7 7. O-O O-O 8. d4 e6
9. Nc3 d5 10. dxc5 bxc5 11. Na4 Qe7 12. Rc1 Na6 13. cxd5 exd5 14. Ne1 Rfd8 15.
Nd3 Ne4 16. Bxg7 Kxg7 17. Qc2 Rac8 18. Bxe4 dxe4 19. Ndxc5 Qe5 20. Qc3 Qxc3 21.
Rxc3 Nxc5 22. Nxc5 e3 23. fxe3 Rd2 24. Rfc1 Rb8 25. R3c2 Rxc2 26. Rxc2 Ba8 27.
Rc4 Rd8 28. Rd4 Rc8 29. b4 a5 30. a3 axb4 31. axb4 Bc6 32. Kf2 Ra8 33. Rd2 Ra1
34. Rb2 Bb5 35. Nb3 Rh1 36. h4 Rh2+ 37. Kf3 Bc6+ 38. e4 f5 39. Nc5 Kf6 40. b5 {
abandono.} 1-0

[Event "Aberto do Brasil CONTAUD 2022"]
[Site "Cuiaba - MT - Brasil"]
[Date "2022.10.30"]
[Round "9.3"]
[White "Pirola, Claudionor Alcides "]
[Black "Matsuura, Everaldo"]
[Result "1-0"]
[WhiteElo "2157"]
[BlackElo "2445"]
[PlyCount "75"]
[EventDate "2022.10.25"]
[EventRounds "9"]
[EventCountry "BRA"]

1. d4 Nf6 2. c4 e6 3. g3 c5 4. Bg2 cxd4 5. Nf3 e5 6. O-O Nc6 7. e3 dxe3 8. Bxe3
Be7 9. Nc3 d6 10. Bg5 O-O 11. Re1 Be6 12. Nd5 Rc8 13. Bxf6 Bxf6 14. Qa4 a6 15.
Rad1 Bg4 16. h3 Bxf3 17. Bxf3 Bg5 18. h4 Bh6 19. Nb4 Nd4 20. Bxb7 Rxc4 21. Bd5
Rxb4 22. Qxb4 Nc2 23. Qc4 Nxe1 24. Rxe1 a5 25. Re2 Qd7 26. Rc2 g6 27. b4 axb4
28. Qxb4 Bg7 29. a4 Qa7 30. a5 e4 31. Qb6 Qd7 32. a6 Qa4 33. Qc6 Qa5 34. Bxe4
Bd4 35. Bd5 Rb8 36. Kg2 Kg7 37. Ra2 Qe1 38. Qc7 {Abandono preto.} 1-0

[Event "Aberto do Brasil CONTAUD 2022"]
[Site "Cuiaba - MT - Brasil"]
[Date "2022.10.30"]
[Round "9.4"]
[White "Lima, Darcy"]
[Black "Gauche, Charles"]
[Result "1-0"]
[WhiteElo "2420"]
[BlackElo "2177"]
[PlyCount "23"]
[EventDate "2022.10.25"]
[EventRounds "9"]
[EventCountry "BRA"]

1. e4 c5 2. Nf3 d6 3. c3 Nf6 4. Be2 Nbd7 5. d3 b6 6. Nbd2 Bb7 7. O-O g6 8. d4
Bxe4 9. Nxe4 Qc7 10. Bf4 e6 11. d5 O-O-O 12. Re1 {A partida foi registrada com
18 lances na planilha do Gauche (sendo os últimos 4 incompreensíveis para o
árbitro Gabriel) e 21 lances na planilha do outro GM, a qual não foi muito
útil nesta transcrição de lances.} 1-0

[Event "Aberto do Brasil CONTAUD 2022"]
[Site "Cuiaba - MT - Brasil"]
[Date "2022.10.30"]
[Round "9.5"]
[White "Labussiere, Yago"]
[Black "Rodi, Luis Ernesto"]
[Result "1-0"]
[WhiteElo "2213"]
[BlackElo "2312"]
[PlyCount "78"]
[EventDate "2022.10.25"]
[EventRounds "9"]
[EventCountry "BRA"]

1. c4 e5 2. g3 Nf6 3. Bg2 c6 4. d4 e4 5. d5 Bb4+ 6. Nc3 cxd5 7. cxd5 Bxc3+ 8.
bxc3 Qa5 9. Qc2 O-O 10. Nh3 Qxd5 11. Bg5 Qc6 12. Bxf6 Qxf6 13. Nf4 Re8 14. Bxe4
h6 15. O-O Na6 16. Rad1 d6 17. Nd5 Qd8 18. Rd2 Nc5 19. Bf3 Bd7 20. Ne3 Ba4 21.
Qb2 Qf6 22. Rd4 Bc6 23. Nd5 Bxd5 24. Rxd5 Rad8 25. Qd2 Ne4 26. Bxe4 Rxe4 27.
Rb1 b6 28. e3 Rc4 29. Rb3 Rc5 30. Rd4 Qe6 31. Ra3 Rd7 32. Rda4 Rd5 33. Qc2 Qe7
34. Rd4 Rc5 35. Qd2 Rh5 36. Raa4 Qe6 37. Re4 Re5 38. Red4 Rc5 39. Re4 Qg6 1-0

[Event "Aberto do Brasil CONTAUD 2022"]
[Site "Cuiaba - MT - Brasil"]
[Date "2022.10.30"]
[Round "9.6"]
[White "De Oliveira, Yuri Garcia"]
[Black "Alboredo, Julia"]
[Result "1-0"]
[WhiteElo "1899"]
[BlackElo "2234"]
[PlyCount "121"]
[EventDate "2022.10.25"]
[EventRounds "9"]
[EventCountry "BRA"]

1. c4 Nf6 2. Nc3 g6 3. g3 Bg7 4. Bg2 O-O 5. d3 d6 6. Bg5 h6 7. Bd2 e5 8. e4 a6
9. Nge2 b5 10. Nd5 c5 11. O-O Nxd5 12. exd5 f5 13. f4 Nd7 14. Bc3 b4 15. Bd2 a5
16. Be3 Ba6 17. Qd2 Kh7 18. a4 Rc8 19. b3 Nf6 20. h3 Re8 21. Kh2 Re7 22. Rae1
Qe8 23. Qc1 Nh5 24. Bf3 Nf6 25. Bg2 Bb7 26. Kh1 Qh8 27. Kh2 Kg8 28. Bh1 Ne8 29.
Bg2 Ba8 30. Bh1 Bf6 31. g4 Bh4 32. Ng3 fxg4 33. hxg4 Nf6 34. Bf3 h5 35. gxh5
Bxg3+ 36. Kxg3 Nxh5+ 37. Bxh5 Qxh5 38. Rh1 Qf5 39. Qd2 Rce8 40. Qh2 Rg7 41.
fxe5 Rxe5 42. Qh8+ Kf7 43. Rhf1 Rxe3+ 44. Rxe3 Qxf1 45. Rf3+ Qxf3+ 46. Kxf3 Rg8
47. Qh3 Rd8 48. Qe6+ Kf8 49. Qf6+ Ke8 50. Qxg6+ Kd7 51. d4 cxd4 52. Ke4 Re8+
53. Kxd4 Re5 54. Qf7+ Re7 55. Qg8 Re8 56. Qg4+ Kc7 57. Qg7+ Kc8 58. Qa7 Bb7 59.
Qxa5 Rh8 60. Qxb4 Rh4+ 61. Kc3 {E a atual campeã brasileira abandona perante
o surpreendente forte jogador local.} 1-0

[Event "Aberto do Brasil CONTAUD 2022"]
[Site "Cuiaba - MT - Brasil"]
[Date "2022.10.30"]
[Round "9.7"]
[White "Luz, Arthur Nader"]
[Black "Paredes Lagos, Anthony Javier"]
[Result "0-1"]
[WhiteElo "2154"]
[BlackElo "2211"]
[PlyCount "48"]
[EventDate "2022.10.25"]
[EventRounds "9"]
[EventCountry "BRA"]

1. e4 c5 2. Nf3 e6 3. d4 cxd4 4. Nxd4 a6 5. Bd3 Qc7 6. Qe2 Bc5 7. Be3 Nf6 8.
O-O d5 9. Nc3 e5 10. exd5 exd4 11. Bxd4+ Kf8 12. Bxf6 gxf6 13. Ne4 f5 14. Nxc5
Qxc5 15. Qe5 Rg8 16. Rfe1 a5 17. Re3 Bd7 18. Qf6 Rg6 19. Qh8+ Rg8 20. Qxh7 Qd6
21. Bxf5 Qf6 22. Rae1 Rh8 23. Re6 Bxe6 24. Rxe6 Qh4 0-1

[Event "Aberto do Brasil CONTAUD 2022"]
[Site "Cuiaba - MT - Brasil"]
[Date "2022.10.30"]
[Round "9.8"]
[White "Lima, Stefan Moisei Vieir"]
[Black "Souza Dos Santos, Matheus Garcett"]
[Result "1-0"]
[WhiteElo "2051"]
[BlackElo "1990"]
[PlyCount "105"]
[EventDate "2022.10.25"]
[EventRounds "9"]
[EventCountry "BRA"]

1. d4 Nf6 2. c4 g6 3. Nc3 Bg7 4. e4 d6 5. Be2 O-O 6. Nf3 e5 7. d5 Nh5 8. g3 Na6
9. Nh4 Nf4 10. Bf3 Bh3 11. Rg1 Nc5 12. gxf4 Qxh4 13. f5 h6 14. b4 Nxe4 15. Nxe4
gxf5 16. Ng3 Kh7 17. Bg2 Bg4 18. Qd2 e4 19. Bb2 Bxb2 20. Qxb2 e3 21. fxe3 Rae8
22. Qf2 Qf6 23. Rc1 Qd4 24. Be4 Rxe4 25. Nxe4 Qxe4 26. Kd2 Re8 27. Qg3 b5 28.
Qf4 bxc4 29. Qxe4 Rxe4 30. Rgf1 Re5 31. Rxc4 Rxd5+ 32. Ke1 Rd1+ 33. Kf2 Rd2+
34. Kg3 Be2 35. Rf2 Rxa2 36. Rxc7 Kg6 37. Kg2 d5 38. Rd7 Rd2 39. Rxa7 f4 40.
exf4 d4 41. Ra5 d3 42. Rd5 Rc2 43. b5 Rc1 44. f5+ Kf6 45. Rf4 Rb1 46. Kf2 Rb2
47. Ke3 Rb1 48. h4 h5 49. Ra4 Rb2 50. Ra6+ Kg7 51. f6+ Kh7 52. Ra8 Bg4 53. Rg5
{Abandono negro, com iminência inevitável de xeque-mate nas colunas g, h com
ambas as torres.} 1-0

[Event "Aberto do Brasil CONTAUD 2022"]
[Site "Cuiaba - MT - Brasil"]
[Date "2022.10.30"]
[Round "9.10"]
[White "Lima, Kleyton Alcantara"]
[Black "Da Silva, Fabio Lima"]
[Result "1-0"]
[WhiteElo "2109"]
[BlackElo "1714"]
[Annotator "Gabriel RdaS"]
[PlyCount "63"]
[EventDate "2022.10.25"]
[EventRounds "9"]
[EventCountry "BRA"]

1. e4 c5 2. Nf3 d6 3. d4 cxd4 4. Nxd4 Nf6 5. Nc3 g6 6. Be3 Bg7 7. f3 Nc6 8. Qd2
d5 9. Bb5 Bd7 10. exd5 Nb4 11. Bc4 Bc8 12. Nde2 Bf5 13. Bb3 h5 14. a3 Na6 15.
Ng3 Bd7 16. Nge4 Qa5 17. Bd4 Rd8 18. Nxf6+ exf6 19. Qe3+ Kf8 20. O-O Re8 21.
Qf2 Kg8 22. Ne4 f5 23. Bxg7 Kxg7 24. Qd4+ Kh6 25. Nf6 Re7 26. Nxd7 Rhe8 27. Nf6
Rd8 28. d6 Re2 29. d7 Rd2 30. Qe3+ Kg7 31. Ne8+ Kh7 32. Rad1 {Pretas abandonam.
} 1-0

[Event "Aberto do Brasil CONTAUD 2022"]
[Site "Cuiaba - MT - Brasil"]
[Date "2022.10.30"]
[Round "9.11"]
[White "Belina, Jose Carlos Fernand"]
[Black "Lopes, Marcelo Ferreira"]
[Result "1/2-1/2"]
[WhiteElo "1348"]
[BlackElo "1963"]
[PlyCount "105"]
[EventDate "2022.10.25"]
[EventRounds "9"]
[EventCountry "BRA"]

1. e4 e6 2. d4 d5 3. Nc3 Bb4 4. e5 c5 5. a3 Bxc3+ 6. bxc3 Ne7 7. h4 Qc7 8. Nf3
Nbc6 9. h5 h6 10. a4 Bd7 11. Ba3 Qa5 12. Qd2 cxd4 13. cxd4 Qxd2+ 14. Kxd2 Nf5
15. c3 Na5 16. Rb1 Bxa4 17. Bd3 b5 18. Bb4 Nc4+ 19. Bxc4 dxc4 20. Ba5 Kd7 21.
Ke2 Ne7 22. Bb4 a5 23. Bxe7 Kxe7 24. Rhc1 Rhc8 25. Nd2 b4 26. cxb4 c3 27. Ne4
Bb5+ 28. Ke3 c2 29. Rb2 axb4 30. Rxb4 Ra3+ 31. Kd2 Rd3+ 32. Ke1 Rd1+ 33. Rxd1
cxd1=Q+ 34. Kxd1 Bc6 35. Rc4 f5 36. Nd6 Rc7 37. Kd2 Kd7 38. g3 Bf3 39. Rxc7+
Kxc7 40. Kc3 Bxh5 41. d5 Kd7 42. dxe6+ Kxe6 43. Kd4 g5 44. Nb7 Bf3 45. Nc5+ Ke7
46. Ke3 Bd5 47. f4 Bc4 48. Nd3 Bxd3 49. Kxd3 g4 50. Kd4 Kd7 51. Kc3 h5 52. Kd4
Ke7 53. Ke3 1/2-1/2

[Event "Aberto do Brasil CONTAUD 2022"]
[Site "Cuiaba - MT - Brasil"]
[Date "2022.10.30"]
[Round "9.12"]
[White "Kazuhiro Shikasho, Erik"]
[Black "Shaffer, Alexander"]
[Result "1-0"]
[WhiteElo "1895"]
[BlackElo "1684"]
[PlyCount "48"]
[EventDate "2022.10.25"]
[EventRounds "9"]
[EventCountry "BRA"]

1. e4 e5 2. Nf3 Nc6 3. Bb5 a6 4. Ba4 d6 5. d3 Bd7 6. c3 Nf6 7. Nbd2 g6 8. Nf1
Bg7 9. Bg5 h6 10. Bh4 g5 11. Bg3 h5 12. h4 g4 13. Ng5 Nh7 14. Nxh7 Rxh7 15. Ne3
Bh6 16. Qe2 Bxe3 17. Qxe3 f5 18. exf5 Qf6 19. O-O-O O-O-O 20. Bc2 Bxf5 21. a4
Kb8 22. f3 gxf3 23. gxf3 Rg8 24. Be1 Rg2 1-0

[Event "Aberto do Brasil CONTAUD 2022"]
[Site "Cuiaba - MT - Brasil"]
[Date "2022.10.30"]
[Round "9.13"]
[White "Andrade, Guilherme A. De Sou"]
[Black "Mariano, Kaiki Pereira"]
[Result "1-0"]
[WhiteElo "1887"]
[BlackElo "1480"]
[PlyCount "169"]
[EventDate "2022.10.25"]
[EventRounds "9"]
[EventCountry "BRA"]

1. d4 d5 2. c4 e6 3. cxd5 exd5 4. Nc3 Nf6 5. Bg5 c6 6. e3 Be7 7. Bd3 Nbd7 8.
Qc2 O-O 9. Nf3 Re8 10. O-O Nf8 11. Rab1 g6 12. b4 a6 13. a4 Ne6 14. Bh4 Ng7 15.
b5 axb5 16. axb5 Bf5 17. bxc6 bxc6 18. Ne5 Qd6 19. Bg3 Bxd3 20. Qxd3 Qe6 21.
Rb6 Rec8 22. Ra6 Nf5 23. Rfa1 Rxa6 24. Qxa6 Nxg3 25. hxg3 Rc7 26. Nd3 Ne4 27.
Nxe4 Qxe4 28. Rc1 Bd6 29. Nc5 Bxc5 30. Rxc5 Qb1+ 31. Kh2 Qf5 32. Qe2 Qe6 33.
Qc2 Kg7 34. Kg1 Kg8 35. Qb2 Kg7 36. Qb6 Qg4 37. Rc1 Qd7 38. Qc5 Qe6 39. Rb1 Qf5
40. Ra1 Qd7 41. Qc3 Qe6 42. Qb4 Qd7 43. Qb3 Qc8 44. Qb6 Qe6 45. Qa6 Qc8 46.
Qxc8 Rxc8 47. Kf1 c5 48. dxc5 Rxc5 49. Ke2 Rc2+ 50. Kf3 Kf6 51. Ra6+ Ke5 52. g4
h6 53. Ra8 Kf6 54. Kg3 Rd2 55. Rh8 Kg7 56. Rd8 Rd3 57. Kf3 Rd2 58. Rd6 Kf8 59.
Rd8+ Kg7 60. Kg3 Rd3 61. Kf4 Rd2 62. Kf3 Rd3 63. Ke2 Ra3 64. Rxd5 Ra2+ 65. Kf3
Rb2 66. Kg3 Rb3 67. Rd6 Ra3 68. Rd8 Rb3 69. Rc8 Ra3 70. Re8 Rb3 71. f4 Rb2 72.
Kf3 Rb3 73. Rd8 Rb2 74. Rd3 Ra2 75. e4 Kf6 76. g3 Rb2 77. e5+ Ke7 78. f5 gxf5
79. gxf5 Rb8 80. Ke4 Rb4+ 81. Rd4 Rb1 82. f6+ Ke8 83. Kf5 Rf1+ 84. Rf4 Rg1 85.
g4 1-0

[Event "Aberto do Brasil CONTAUD 2022"]
[Site "Cuiaba - MT - Brasil"]
[Date "2022.10.30"]
[Round "9.14"]
[White "Moyses Sobrinho, Elias"]
[Black "Cordeiro Silva, Marcos Antonio"]
[Result "1-0"]
[WhiteElo "1848"]
[BlackElo "1592"]
[Annotator "carev"]
[PlyCount "63"]
[EventDate "2022.10.25"]
[EventRounds "9"]
[EventCountry "BRA"]

1. d4 Nf6 2. c4 g6 3. Nc3 Bg7 4. e4 d6 5. Nf3 O-O 6. Be2 e5 7. dxe5 dxe5 8.
Qxd8 Rxd8 9. Bg5 Re8 10. Nd5 Nxd5 11. cxd5 Bd7 12. O-O c6 13. Bc4 cxd5 14. Bxd5
Bc6 15. Rfd1 Na6 16. Bxc6 bxc6 17. Rac1 Re6 18. Rd7 c5 19. Be3 Rc6 20. Rcd1 h6
21. Re7 Bf6 22. Rb7 Rb8 (22... Rb6 23. Rdd7) 23. Rxb8+ Nxb8 24. Bxh6 Rb6 25. b3
Rb4 26. Bg5 Kg7 27. Bxf6+ Kxf6 28. Rd6+ Ke7 29. Rd5 Nd7 30. Nxe5 Rxe4 31. Rxd7+
Ke6 32. Nd3 1-0

[Event "Aberto do Brasil CONTAUD 2022"]
[Site "Cuiaba - MT - Brasil"]
[Date "2022.10.30"]
[Round "9.15"]
[White "Lima, Carlos Eduardo I De"]
[Black "Pimentel, Lucas Dos Santos"]
[Result "1-0"]
[WhiteElo "1889"]
[BlackElo "1391"]
[PlyCount "57"]
[EventDate "2022.10.25"]
[EventRounds "9"]
[EventCountry "BRA"]

1. d4 d5 2. Nf3 Nf6 3. e3 c5 4. c4 e6 5. Nc3 Nc6 6. cxd5 Nxd5 7. Bb5 Nxc3 8.
bxc3 Bd7 9. O-O Be7 10. e4 O-O 11. Bd3 cxd4 12. cxd4 Nb4 13. Bb1 Bc6 14. a3 Na6
15. Ne5 Bb5 16. Re1 Bf6 17. Nf3 g6 18. e5 Bg7 19. Be4 Qd7 20. Be3 Rfd8 21. Qd2
Bc6 22. Bg5 Bxe4 23. Rxe4 Rf8 24. Bf6 Nc7 25. Rh4 h5 26. Qg5 Rfc8 27. Bxg7 Kxg7
28. Rxh5 Rg8 29. Qh6# 1-0

[Event "Aberto do Brasil CONTAUD 2022"]
[Site "Cuiaba - MT - Brasil"]
[Date "2022.10.30"]
[Round "9.16"]
[White "Freitas, Mauricio Mathioli"]
[Black "Felicio, Leonardo Demetrio D"]
[Result "1/2-1/2"]
[WhiteElo "1445"]
[BlackElo "1880"]
[PlyCount "34"]
[EventDate "2022.10.25"]
[EventRounds "9"]
[EventCountry "BRA"]

1. d4 Nf6 2. Nf3 g6 3. g3 Bg7 4. Bg2 O-O 5. c4 d6 6. O-O Nbd7 7. Nc3 c5 8. Bg5
h6 9. Bxf6 Bxf6 10. Qd2 cxd4 11. Nxd4 Nc5 12. Rab1 Rb8 13. b4 Ne6 14. Nxe6 Bxe6
15. Nd5 Bg7 16. Rfc1 Bd7 17. b5 Re8 1/2-1/2

[Event "Aberto do Brasil CONTAUD 2022"]
[Site "Cuiaba - MT - Brasil"]
[Date "2022.10.30"]
[Round "9.17"]
[White "Assad, Leonardo Vaz De Fig"]
[Black "Moraes Silva, Natasha Alejandra"]
[Result "1-0"]
[WhiteElo "1761"]
[BlackElo "1469"]
[PlyCount "93"]
[EventDate "2022.10.25"]
[EventRounds "9"]
[EventCountry "BRA"]

1. c4 c5 2. Nf3 Nf6 3. g3 g6 4. Bg2 Bg7 5. O-O O-O 6. d4 d6 7. d5 Bd7 8. Nc3
Qc8 9. e4 a6 10. a4 Bh3 11. Be3 Bxg2 12. Kxg2 h6 13. Rb1 Nbd7 14. h3 Nb6 15. b3
Nfd7 16. Qd2 Bxc3 17. Qxc3 Kh7 18. Nh4 Nf6 19. Qd3 Nbd7 20. f4 Rg8 21. Kh2 Rg7
22. Rbe1 Qc7 23. Bd2 e5 24. dxe6 fxe6 25. Bc3 Rgg8 26. Rd1 Ne8 27. e5 Rd8 28.
exd6 Qc6 29. Rfe1 Nf8 30. Be5 Nd7 31. Ng2 Nf8 32. h4 h5 33. Re3 Ng7 34. Qe2 Nf5
35. Red3 Nd7 36. Ne1 Rgf8 37. Nf3 Rde8 38. Ng5+ Kh6 39. Qb2 Nxe5 40. fxe5 Nd4
41. Qg2 Qd7 42. Ne4 b6 43. a5 Rf5 44. axb6 Rxe5 45. Nxc5 Qxd6 46. Na4 Rd8 47.
Qd2+ 1-0

[Event "Aberto do Brasil CONTAUD 2022"]
[Site "Cuiaba - MT - Brasil"]
[Date "2022.10.30"]
[Round "9.18"]
[White "Franca Junior, Jairo"]
[Black "Viana, Paulo Vitor Monteir"]
[Result "1-0"]
[WhiteElo "1756"]
[BlackElo "1371"]
[PlyCount "41"]
[EventDate "2022.10.25"]
[EventRounds "9"]
[EventCountry "BRA"]

1. d4 d5 2. Nf3 Nf6 3. c4 e6 4. Nc3 g6 5. Bf4 c6 6. e3 Bg7 7. Rc1 O-O 8. Be2
dxc4 9. Bxc4 Nbd7 10. O-O Nb6 11. Bb3 Nbd5 12. Be5 Qe7 13. a3 Bd7 14. Qd3 Rac8
15. Rfd1 Rfd8 16. h3 c5 17. Nxd5 Nxd5 18. Bxd5 exd5 19. Bxg7 Kxg7 20. dxc5 Rxc5
21. Qd4+ 1-0

[Event "Aberto do Brasil CONTAUD 2022"]
[Site "Cuiaba - MT - Brasil"]
[Date "2022.10.30"]
[Round "9.19"]
[White "Do Amaral Vailant, Helena Kether"]
[Black "Arruda Filho, Ivo Pereira De"]
[Result "1-0"]
[WhiteElo "1502"]
[BlackElo "1736"]
[PlyCount "113"]
[EventDate "2022.10.25"]
[EventRounds "9"]
[EventCountry "BRA"]

1. e4 c6 2. d4 d5 3. Nc3 dxe4 4. Nxe4 Nf6 5. Nxf6+ gxf6 6. Nf3 h5 7. h3 Bf5 8.
Bd3 Bxd3 9. Qxd3 Rg8 10. Rg1 e6 11. c3 f5 12. Bf4 Nd7 13. O-O-O Qa5 14. Kb1
O-O-O 15. Qe2 Be7 16. Nd2 Qd5 17. g3 Rh8 18. h4 Bf6 19. Nb3 Be7 20. Rd3 Nb6 21.
Rgd1 Nc4 22. Nd2 Nxd2+ 23. Qxd2 b5 24. Re3 Bf6 25. Qe2 a6 26. Be5 Bxe5 27. Rxe5
Qd6 28. c4 Qb4 29. Rc5 Kb7 30. cxb5 axb5 31. Qf3 Rd5 32. Rdc1 Rxc5 33. Rxc5
Qe1+ 34. Kc2 Rc8 35. Rxb5+ Ka6 36. Rc5 Rc7 37. Re5 Qb4 38. Qd3+ Ka7 39. Qc3 Qb7
40. Ra5+ Kb8 41. Qb3 Kc8 42. Qxb7+ Kxb7 43. Kc3 Kb6 44. Rc5 Re7 45. b4 f6 46.
a4 e5 47. a5+ Kb7 48. a6+ Kb6 49. dxe5 fxe5 50. Ra5 c5 51. a7 cxb4+ 52. Kxb4
Rxa7 53. Rxa7 Kxa7 54. Kc5 f4 55. gxf4 exf4 56. Kd5 Kb6 57. f3 1-0

[Event "Aberto do Brasil CONTAUD 2022"]
[Site "Cuiaba - MT - Brasil"]
[Date "2022.10.30"]
[Round "9.20"]
[White "Mello, Eduardo Dos Santos"]
[Black "Gomes, Mateus Ferreira"]
[Result "0-1"]
[WhiteElo "1502"]
[BlackElo "1690"]
[PlyCount "54"]
[EventDate "2022.10.25"]
[EventRounds "9"]
[EventCountry "BRA"]

1. d4 d5 2. Nf3 Nf6 3. Bg5 e6 4. e3 Be7 5. c4 O-O 6. Nc3 dxc4 7. Bxc4 a6 8. O-O
b5 9. Bd3 Bb7 10. Qc2 h6 11. Bh4 Nbd7 12. Ne4 Rc8 13. Rac1 c5 14. Bxf6 Nxf6 15.
dxc5 Nxe4 16. Bxe4 Bxe4 17. Qxe4 Rxc5 18. Rxc5 Bxc5 19. g4 Qd5 20. Qxd5 exd5
21. Rc1 Be7 22. Rc7 Bf6 23. b3 Rd8 24. Ra7 Rd6 25. h4 d4 26. exd4 Bxd4 27. g5
Bxa7 0-1

[Event "Aberto do Brasil CONTAUD 2022"]
[Site "Cuiaba - MT - Brasil"]
[Date "2022.10.30"]
[Round "9.21"]
[White "Gomes, Carlos"]
[Black "Vargas, Roberto Carlos Melg"]
[Result "1/2-1/2"]
[WhiteElo "1538"]
[BlackElo "1683"]
[PlyCount "50"]
[EventDate "2022.10.25"]
[EventRounds "9"]
[EventCountry "BRA"]

1. e4 c5 2. Nf3 g6 3. Nc3 Bg7 4. Bc4 Nc6 5. a3 e6 6. d3 Nge7 7. O-O O-O 8. h3
d5 9. exd5 exd5 10. Ba2 b6 11. Bd2 Bb7 12. Re1 Qd7 13. Qc1 Nd4 14. Nxd4 Bxd4
15. Ne2 Bg7 16. Bh6 Nf5 17. Bxg7 Kxg7 18. Qf4 Rac8 19. c3 Kg8 20. Ng3 Nxg3 21.
Qxg3 Rfe8 22. Re3 Rxe3 23. Qxe3 Re8 24. Qd2 Qe7 25. Kf1 Kg7 1/2-1/2

[Event "Aberto do Brasil CONTAUD 2022"]
[Site "?"]
[Date "2022.10.30"]
[Round "9.22"]
[White "Paniago, Lucio Erloiny Silva"]
[Black "Bashtavenko, Aleksey"]
[Result "1/2-1/2"]
[WhiteElo "1468"]
[BlackElo "1614"]
[PlyCount "36"]
[EventDate "2022.??.??"]

1. e4 c5 2. c3 d5 3. exd5 Qxd5 4. Nf3 Nf6 5. Be2 Nc6 6. d3 e5 7. Nbd2 Be7 8.
Qb3 O-O 9. O-O h6 10. Rd1 Qd8 11. Ne4 Nd5 12. d4 Na5 13. Qc2 cxd4 14. cxd4 Nb4
15. Qd2 Bf5 16. Ng3 Bc2 17. Rf1 e4 18. Ne1 Rc8 1/2-1/2

[Event "Aberto do Brasil CONTAUD 2022"]
[Site "?"]
[Date "2022.10.30"]
[Round "9.23"]
[White "Santana Magalhaes, Amanda Borges"]
[Black "Oliveira, Joao Victor Da Silv"]
[Result "1/2-1/2"]
[WhiteElo "1596"]
[BlackElo "1528"]
[PlyCount "125"]
[EventDate "2022.??.??"]

1. e4 c6 2. Nf3 d5 3. exd5 cxd5 4. d4 Bg4 5. Be2 e6 6. O-O Bd6 7. c3 h6 8. Nbd2
Nf6 9. h3 Bxf3 10. Nxf3 O-O 11. Bd3 Nbd7 12. Re1 Qc7 13. Bd2 a6 14. Rc1 Rac8
15. Be3 b5 16. Qd2 Nb6 17. b3 Qb8 18. g4 Ne4 19. Bxe4 dxe4 20. Nh4 Nd5 21. Ng2
Nxe3 22. Nxe3 Rc7 23. Ng2 Be7 24. Rxe4 Qb7 25. Re2 Rfc8 26. Qd3 Rc6 27. f4 Qc7
28. Rec2 Ba3 29. Rd1 Rxc3 30. Rxc3 Qxc3 31. Ne1 Qxd3 32. Rxd3 Rc1 33. Kf2 Bd6
34. f5 Ra1 35. Rd2 Bb4 36. Re2 Bxe1+ 37. Rxe1 Rxa2+ 38. Kg3 Rd2 39. fxe6 fxe6
40. Rxe6 Rxd4 41. Re3 Rd6 42. Kf4 Kf7 43. Rc3 Kf6 44. h4 g5+ 45. hxg5+ hxg5+
46. Kf3 Rb6 47. b4 Ke5 48. Rc5+ Kf6 49. Rf5+ Kg6 50. Rc5 Rf6+ 51. Kg3 Rf4 52.
Rc6+ Kf7 53. Rxa6 Rxb4 54. Ra7+ Ke6 55. Ra6+ Kd5 56. Rg6 Rb3+ 57. Kf2 Ke4 58.
Rxg5 Kf4 59. Rg8 Rb2+ 60. Ke1 b4 61. Kd1 b3 62. Kc1 Rg2 63. Rb8 1/2-1/2

[Event "Aberto do Brasil CONTAUD 2022"]
[Site "?"]
[Date "2022.10.30"]
[Round "9.26"]
[White "De Souza, Eliel Martins"]
[Black "Romais, Rodrigo"]
[Result "0-1"]
[WhiteElo "1382"]
[BlackElo "1545"]
[PlyCount "48"]
[EventDate "2022.??.??"]

{[%evp 0,48,19,21,49,40,41,30,32,28,14,20,18,-46,-20,-58,-40,-92,-110,-202,
-216,-207,-199,-203,-196,-214,-201,-221,-191,-194,-190,-230,-201,-210,-209,
-247,-209,-240,-215,-254,-224,-278,-244,-384,-204,-920,-920,-920,-819,-1186,
-1186]} 1. e4 e6 2. d4 d5 3. exd5 exd5 4. Nf3 Nf6 5. Bg5 Be7 6. c4 O-O 7. Nbd2
Bg4 8. Bxf6 Bxf6 9. c5 Bxd4 10. Be2 Bxc5 11. O-O c6 12. h3 Bh5 13. Qc2 Bb6 14.
Bd3 Bg6 15. Ne5 Bxd3 16. Qxd3 Nd7 17. Ndf3 Re8 18. Rae1 f6 19. Ng4 Qc7 20. Nh4
Ne5 21. Qe2 Nxg4 22. Qxe8+ Rxe8 23. Rxe8+ Kf7 24. Rfe1 Bxf2+ 0-1

[Event "Aberto do Brasil CONTAUD 2022"]
[Site "?"]
[Date "2022.10.30"]
[Round "9.27"]
[White "Almeida, Bianca Martins"]
[Black "Volpato, Alzir"]
[Result "1-0"]
[WhiteElo "1349"]
[BlackElo "1501"]
[PlyCount "157"]
[EventDate "2022.??.??"]

1. e4 e5 2. Nf3 Nc6 3. Bb5 a6 4. Bxc6 dxc6 5. h3 Bd6 6. d4 exd4 7. Qxd4 f6 8.
O-O Ne7 9. Qc4 Qd7 10. Be3 Qe6 11. Qxe6 Bxe6 12. Nc3 O-O 13. Na4 Rfd8 14. Rfd1
Bc4 15. Bc5 Be2 16. Rd2 Bxf3 17. gxf3 b5 18. Bxd6 cxd6 19. Nc3 Rd7 20. Rad1
Rad8 21. a4 b4 22. Na2 a5 23. c3 c5 24. c4 Ng6 25. b3 Nf4 26. Kh2 Kf7 27. Kg3
Ne6 28. f4 Nd4 29. Nc1 g6 30. h4 Rg8 31. Rd3 Re7 32. Rxd4 cxd4 33. Rxd4 Rd8 34.
Nd3 Red7 35. Rd5 Ra8 36. Nc5 Rc7 37. Nd3 Ke7 38. h5 Ke6 39. hxg6 hxg6 40. f5+
gxf5 41. exf5+ Ke7 42. Kf4 Rca7 43. Rd4 Re8 44. f3 Ra6 45. Nf2 Rc6 46. Ng4 Kf7
47. Ne3 Re5 48. Nd5 Re1 49. Rd3 Rb1 50. Re3 Rc8 51. Re7+ Kf8 52. Ra7 Rc5 53.
Nxf6 Rxb3 54. Nd7+ Ke8 55. Nxc5 dxc5 56. Rxa5 Ra3 57. Rxc5 Rxa4 58. Rb5 b3 59.
Rxb3 Rxc4+ 60. Kg5 Kf8 61. Kg6 Rc6+ 62. f6 Ke8 63. Rb8+ Kd7 64. Kg7 Rc1 65.
Rb7+ Kc6 66. Re7 Rg1+ 67. Kf8 Rf1 68. Re3 Kd6 69. Kf7 Rg1 70. Kf8 Rg5 71. Kf7
Rg3 72. Re6+ Kd5 73. f4 Rg4 74. Re7 Rxf4 75. Kg6 Rg4+ 76. Kh7 Kd6 77. Rg7 Rf4
78. f7 Ke7 79. Kg8 1-0

[Event "Aberto do Brasil CONTAUD 2022"]
[Site "?"]
[Date "2022.10.30"]
[Round "9.28"]
[White "Colombo, Sahimon Jonathan"]
[Black "Carmo, Jose Arlindo"]
[Result "0-1"]
[WhiteElo "1800"]
[BlackElo "1604"]
[PlyCount "72"]
[EventDate "2022.??.??"]

1. e4 c5 2. Nf3 d6 3. Nc3 a6 4. h3 Nf6 5. Be2 Qc7 6. d4 cxd4 7. Nxd4 e6 8. Bg5
Be7 9. O-O O-O 10. Qd2 Nbd7 11. Kh1 b5 12. f4 Bb7 13. Bf3 Rab8 14. Rae1 Ba8 15.
a3 Nb6 16. e5 Nc4 17. exd6 Bxd6 18. Qc1 Be7 19. Bxa8 Rxa8 20. Ne4 Nxe4 21. Rxe4
Bxg5 22. fxg5 Rad8 23. c3 Rd7 24. Rxe6 Rxd4 25. cxd4 fxe6 26. Rxf8+ Kxf8 27. b3
Ke7 28. bxc4 Qxc4 29. Qe3 a5 30. Qe5 Kf7 31. Kg1 b4 32. axb4 axb4 33. Qd6 b3
34. h4 Kg6 35. Qf4 b2 36. h5+ Kxh5 0-1